000 00532nam a22001937a 4500
003 SISC
005 20160404134020.0
008 140428b xxu||||| |||| 00| 0 eng d
020 _a0340215755
050 _aHV 5801
_b.In55 1975
100 _aInglis, Brian
245 _aThe forbidden game :
_bA social history of drugs /
_cBrian Inglis.
260 _aGreat Britain :
_bCoronet books,
_c1975.
300 _a256 p. :
_c18 cm.
500 _aIncludes Index
650 _aDrugs
_vsocial history
942 _2lcc
_cBK
999 _c115520
_d115520